[Event "Titled Tue 10th Jun Early"]
[Site "chess.com INT"]
[Date "2025.06.10"]
[Round "11"]
[White "Vogel, Roven"]
[Black "Toktomushev, Teimur"]
[Result "1-0"]
[WhiteTitle "GM"]
[BlackTitle "FM"]
[WhiteElo "2551"]
[BlackElo "2390"]
[WhiteFideId "12908088"]
[BlackFideId "14176726"]
[EventDate "2025.06.10"]

1. Nf3 d5 2. e3 Nf6 3. c4 e6 4. b3 c5 5. Bb2 Nc6 6. cxd5 exd5 7. Nc3 Bd6 8. Rc1
O-O 9. Na4 b6 10. d4 Ne4 11. Be2 Be6 12. O-O Rc8 13. dxc5 bxc5 14. Nd2 Nxd2 15.
Qxd2 Nb8 16. Rc2 Nd7 17. Rfc1 Qh4 18. g3 Qg5 19. Ba3 Qe7 20. Qa5 Bf5 21. Rd2 d4
22. exd4 Bg6 23. dxc5 Bc7 24. Qc3 Ne5 25. Bb2 f6 26. f4 Nf7 27. Bf3 Rfe8 28. Re2
Qd7 29. Rce1 Rxe2 30. Rxe2 h5 31. Qd4 Qb5 32. Re7 h4 33. Qd7 Qxd7 34. Rxd7 hxg3
35. hxg3 Bf5 36. Rd1 g5 37. g4 Be6 38. f5 1-0

[Event "Titled Tue 10th Jun Early"]
[Site "chess.com INT"]
[Date "2025.06.10"]
[Round "11"]
[White "Durarbayli, Vasif"]
[Black "Cahaya, Satria Duta"]
[Result "1-0"]
[WhiteTitle "GM"]
[BlackTitle "FM"]
[WhiteElo "2612"]
[BlackElo "2386"]
[WhiteFideId "13402935"]
[BlackFideId "7124252"]
[EventDate "2025.06.10"]

1. e4 e5 2. Nf3 Nc6 3. d4 exd4 4. Nxd4 Nf6 5. Nxc6 bxc6 6. e5 Qe7 7. Qe2 Nd5 8.
h4 Qe6 9. Nd2 a5 10. g3 Ba6 11. c4 Nb4 12. Nf3 Qg6 13. Kd1 c5 14. a3 Nc6 15. h5
Qe6 16. Rh4 d5 17. Bh3 f5 18. Qc2 dxc4 19. Bxf5 Qd5+ 20. Ke1 Qxf3 21. Be4 Nd4
22. Qa4+ Bb5 23. Qxb5+ Nxb5 24. Bxf3 O-O-O 25. Rxc4 Re8 26. Bg4+ Kb7 27. f4 g5
28. Bd7 Nd6 29. Rxc5 Rd8 30. Bc6+ Kb6 31. Rc3 Nf5 32. Be4 Nd4 33. Be3 gxf4 34.
gxf4 c5 35. Rd1 Rg8 36. b4 1-0

[Event "Titled Tue 10th Jun Early"]
[Site "chess.com INT"]
[Date "2025.06.10"]
[Round "11"]
[White "Golubovic, Erik"]
[Black "Madi, Aidana"]
[Result "0-1"]
[WhiteTitle "CM"]
[BlackTitle "WFM"]
[WhiteElo "2199"]
[BlackElo "1899"]
[WhiteFideId "14586908"]
[BlackFideId "13722689"]
[EventDate "2025.06.10"]

1. d4 Nf6 2. c4 e6 3. Nf3 c5 4. d5 exd5 5. cxd5 d6 6. Nc3 g6 7. e4 Bg7 8. h3 O-O
9. Be3 b5 10. e5 dxe5 11. Bxb5 Ba6 12. Bxa6 Nxa6 13. Nxe5 Nxd5 14. Nc6 Nxe3 15.
Qxd8 Nc2+ 16. Kd2 Rfxd8+ 17. Kxc2 Rd6 18. Ne7+ Kf8 19. Ned5 Nb4+ 20. Nxb4 cxb4
21. Ne4 Rc8+ 22. Kb1 Rd4 23. f3 f5 24. Nf2 Rd2 25. Nd1 Rxg2 26. a3 b3 27. a4
Rcc2 28. Ra3 Bxb2 29. Rxb3 Bf6 30. Rb8+ Kg7 31. Rb7+ Kh6 32. h4 a5 33. Rb5 Ra2
34. h5 Ra1# 0-1

[Event "Titled Tue 10th Jun Early"]
[Site "chess.com INT"]
[Date "2025.06.10"]
[Round "11"]
[White "Chaulagain, Purusottam"]
[Black "De Lima, Adriano Gaspar"]
[Result "0-1"]
[WhiteTitle "CM"]
[WhiteElo "1952"]
[BlackElo "2107"]
[WhiteFideId "12300730"]
[BlackFideId "190861"]
[EventDate "2025.06.10"]

1. d4 Nf6 2. Nc3 d5 3. Bf4 g6 4. Qd2 Bg7 5. f3 O-O 6. Bh6 c5 7. Bxg7 Kxg7 8.
O-O-O Nc6 9. e3 Qa5 10. Kb1 a6 11. h4 b5 12. dxc5 Be6 13. h5 Rfd8 14. hxg6 fxg6
15. b3 Kg8 16. Nge2 b4 17. Na4 Rab8 18. Nf4 Bf7 19. g4 e5 20. g5 Nd7 21. Nd3 e4
22. fxe4 dxe4 23. Nf4 Nxc5 24. Nxc5 Rxd2 25. Rxd2 Qxc5 26. Bh3 Qxe3 27. Nd5 Qxd2
28. Nf6+ Kg7 29. Bd7 Qxg5 30. Nxe4 Qd5 31. Bxc6 Qxc6 32. Re1 Re8 0-1

[Event "Titled Tue 10th Jun Early"]
[Site "chess.com INT"]
[Date "2025.06.10"]
[Round "11"]
[White "Shandrygin, Nikita"]
[Black "Nakhbayeva, Guliskhan"]
[Result "1-0"]
[WhiteTitle "FM"]
[BlackTitle "IM"]
[WhiteElo "2209"]
[BlackElo "2326"]
[WhiteFideId "24198668"]
[BlackFideId "13704788"]
[EventDate "2025.06.10"]

1. e4 e6 2. d4 d5 3. Nd2 Nf6 4. e5 Nfd7 5. f4 c5 6. c3 Nc6 7. Ndf3 Be7 8. Bd3
O-O 9. Ne2 f6 10. O-O a6 11. Kh1 b5 12. Be3 Qb6 13. g4 a5 14. Qb1 h6 15. Bh7+
Kh8 16. Nh4 f5 17. gxf5 Bxh4 18. fxe6 Ndxe5 19. dxe5 Bxe6 20. f5 d4 21. fxe6
dxe3 22. Nf4 Nxe5 23. Qe4 Bg5 24. e7 Rxf4 25. Qxa8+ Kxh7 26. e8=Q e2 27. Qg8+
Kg6 28. Qae8+ Nf7 29. Rxf4 Qb7+ 30. Qe4+ 1-0

[Event "Titled Tue 10th Jun Early"]
[Site "chess.com INT"]
[Date "2025.06.10"]
[Round "11"]
[White "Povshednyi, Ivan"]
[Black "Toropov, Pavel"]
[Result "1-0"]
[WhiteTitle "FM"]
[BlackTitle "FM"]
[WhiteElo "2309"]
[BlackElo "2308"]
[WhiteFideId "14190907"]
[BlackFideId "24129178"]
[EventDate "2025.06.10"]

1. d4 d5 2. c4 c6 3. Nf3 Nf6 4. cxd5 cxd5 5. Nc3 Nc6 6. Bf4 a6 7. Rc1 e6 8. e3
Bd7 9. Bd3 Rc8 10. h3 Be7 11. O-O O-O 12. Ne5 Na5 13. Qf3 b5 14. b3 Ba3 15. Rc2
Nc6 16. Nxc6 Rxc6 17. Ne2 Rxc2 18. Bxc2 Qa5 19. g4 Rc8 20. Bb1 Bf8 21. g5 Ne4
22. Bxe4 dxe4 23. Qxe4 Bc6 24. Qc2 Bb7 25. Qb1 Qd2 26. Ng3 Rc2 27. e4 Qc3 28.
Be3 Ba3 29. Qd1 Bd6 30. Qg4 g6 31. Rd1 Rxa2 32. d5 exd5 33. exd5 Ra1 34. Ne4
Rxd1+ 35. Qxd1 Qe5 36. Nf6+ Kh8 37. Qf3 1-0

[Event "Titled Tue 10th Jun Early"]
[Site "chess.com INT"]
[Date "2025.06.10"]
[Round "11"]
[White "Dwilewicz, Katarzyna"]
[Black "Sayce, Hannah"]
[Result "0-1"]
[WhiteTitle "WFM"]
[BlackTitle "WCM"]
[WhiteElo "2198"]
[BlackElo "1877"]
[WhiteFideId "1148486"]
[BlackFideId "3250695"]
[EventDate "2025.06.10"]

1. e4 c5 2. Nc3 d6 3. d4 cxd4 4. Qxd4 Nc6 5. Qd2 Nf6 6. b3 e6 7. Bb2 Be7 8.
O-O-O O-O 9. f3 a6 10. g4 Qc7 11. h4 b5 12. h5 b4 13. Na4 d5 14. g5 Nd7 15. exd5
exd5 16. Qxd5 Nde5 17. Bd3 Be6 18. Qe4 Nxd3+ 19. Rxd3 Bxg5+ 20. Kb1 Ne7 21. Be5
Qa5 22. Qe2 Bf5 23. f4 Bxd3 24. Qxd3 Bh6 25. Nf3 Rad8 26. Qe2 Nf5 27. Rg1 Rfe8
28. Qg2 Qd5 29. Nb2 Re6 30. Nd3 f6 31. Bb2 Ne3 32. Qh3 Nxc2 33. Nf2 Na3+ 34. Ka1
Rc6 35. Rd1 Qxd1+ 0-1

[Event "Titled Tue 10th Jun Early"]
[Site "chess.com INT"]
[Date "2025.06.10"]
[Round "11"]
[White "Kjaergaard-Jensen, Jesper"]
[Black "Ivanov, Andrey A."]
[Result "0-1"]
[WhiteTitle "CM"]
[BlackTitle "CM"]
[WhiteElo "2081"]
[BlackElo "2120"]
[WhiteFideId "1406990"]
[BlackFideId "2514311"]
[EventDate "2025.06.10"]

1. d4 Nf6 2. Nf3 e6 3. Bg5 c5 4. c3 cxd4 5. Nxd4 d5 6. e4 dxe4 7. Nd2 e5 8. Bxf6
gxf6 9. Nb5 a6 10. Na3 Bxa3 11. Qa4+ Nc6 12. Qxa3 f5 13. O-O-O Qe7 14. Qxe7+
Kxe7 15. Nc4 Be6 16. g4 Bxc4 17. Bxc4 fxg4 18. Bd5 f5 19. h3 gxh3 20. Rxh3 Rad8
21. Rh6 Rd6 22. Rh5 Rf6 23. Rdh1 h6 24. Rg1 Kf8 25. Rh2 Rd6 26. c4 Nd4 27. Kb1
Nf3 28. Rhg2 Nxg1 29. Rxg1 h5 30. Kc2 h4 31. Rg5 h3 32. Rxf5+ Ke7 33. Bxe4 h2
34. Rxe5+ Re6 35. Rxe6+ Kxe6 36. Bxb7 h1=Q 37. Bxh1 Rxh1 38. b4 a5 39. b5 Kd6
40. Kb3 Kc5 41. Ka4 Ra1 42. a3 Rf1 43. Kxa5 Rxf2 44. b6 Rb2 45. a4 Kc6 46. c5
Kxc5 47. Ka6 Rxb6+ 48. Ka5 Rb8 49. Ka6 Ra8+ 0-1

[Event "Titled Tue 10th Jun Early"]
[Site "chess.com INT"]
[Date "2025.06.10"]
[Round "11"]
[White "Montenegro Mancera, Juan Rolando"]
[Black "Winkels, Marcel"]
[Result "1-0"]
[WhiteTitle "FM"]
[BlackTitle "CM"]
[WhiteElo "2038"]
[BlackElo "1905"]
[WhiteFideId "4403444"]
[BlackFideId "1003887"]
[EventDate "2025.06.10"]

1. e4 c5 2. Nf3 d6 3. c3 Bg4 4. h3 Bxf3 5. Qxf3 Nc6 6. g3 g6 7. Bg2 Bg7 8. O-O
Nf6 9. Qe2 O-O 10. f4 Nh5 11. Kh2 Rc8 12. d3 e6 13. g4 Nf6 14. f5 exf5 15. gxf5
Nh5 16. Qg4 Ne5 17. Qe2 Qh4 18. Rf2 c4 19. dxc4 Nxc4 20. Be3 Be5+ 21. Kg1 Ng3
22. Qf3 gxf5 23. exf5 Kh8 24. Nd2 Nxb2 25. Bd4 Nd3 26. Qxd3 Rg8 27. Nf3 Qh6 28.
Nxe5 dxe5 29. Bxe5+ f6 30. Bxg3 Rcd8 31. Qf3 Rde8 32. Bf4 Qh4 33. Raf1 1-0

[Event "Titled Tue 10th Jun Early"]
[Site "chess.com INT"]
[Date "2025.06.10"]
[Round "11"]
[White "Nguyen Quang Anh"]
[Black "Galperin, Platon"]
[Result "0-1"]
[WhiteTitle "CM"]
[BlackTitle "GM"]
[WhiteElo "2052"]
[BlackElo "2500"]
[WhiteFideId "12432377"]
[BlackFideId "14165414"]
[EventDate "2025.06.10"]

1. d4 Nf6 2. c4 a6 3. Nc3 b5 4. Bg5 b4 5. Nb1 c5 6. Bxf6 exf6 7. d5 f5 8. Nf3 g6
9. Nbd2 Bg7 10. Rb1 O-O 11. e3 a5 12. Bd3 a4 13. O-O d6 14. e4 f4 15. e5 dxe5
16. Bc2 f5 17. Bxa4 e4 18. Ne1 f3 19. gxf3 Rxa4 20. Qxa4 Qg5+ 21. Ng2 Qxd2 22.
f4 Bd4 23. Kh1 Nd7 24. a3 Nf6 25. Rbd1 Qxb2 26. axb4 Ng4 27. Rb1 Nxf2+ 28. Kg1
Nd1+ 29. Kh1 Qxb1 30. Rxd1 Bd7 31. Rxb1 Bxa4 32. bxc5 Bxc5 33. Rb7 e3 34. Rc7
Rb8 35. h3 Bd6 36. Ra7 Rb1+ 37. Kh2 e2 38. Rxa4 Bxf4+ 39. Nxf4 e1=Q 40. Ra8+ Kg7 0-1

[Event "Titled Tue 10th Jun Early"]
[Site "chess.com INT"]
[Date "2025.06.10"]
[Round "11"]
[White "Shukhman, Anna"]
[Black "Sklokin, Sergey"]
[Result "1/2-1/2"]
[WhiteTitle "WGM"]
[BlackTitle "FM"]
[WhiteElo "2413"]
[BlackElo "2311"]
[WhiteFideId "54180058"]
[BlackFideId "55730230"]
[EventDate "2025.06.10"]

1. e4 c5 2. Nf3 e6 3. d4 cxd4 4. Nxd4 Nf6 5. Nc3 Nc6 6. a3 Be7 7. Be3 O-O 8. Be2
d5 9. exd5 Nxd5 10. Nxd5 exd5 11. O-O Bf6 12. c3 Be6 13. Re1 Re8 14. Nxe6 Rxe6
15. Bg4 Re8 16. Bf3 Re5 17. Qd3 Qd7 18. Rad1 Rd8 19. g3 g6 20. Bg2 h5 21. b4 a6
22. a4 d4 23. cxd4 Nxd4 24. Bxd4 Rxe1+ 25. Rxe1 Bxd4 26. Qe4 Qxa4 27. Qxb7 Bc3
28. Rc1 Qxb4 29. Qxa6 Bd4 30. Qe2 Qd6 31. Bf3 Qf6 32. Rd1 Rb8 33. Kg2 Kg7 34.
Qe4 Bc5 35. Rd2 Rb4 36. Qc6 Qxc6 37. Bxc6 Rd4 38. Rxd4 Bxd4 1/2-1/2

[Event "Titled Tue 10th Jun Early"]
[Site "chess.com INT"]
[Date "2025.06.10"]
[Round "11"]
[White "Kourkoulos-Arditis, Stamatis"]
[Black "Parfenov, Viktor N."]
[Result "1-0"]
[WhiteTitle "GM"]
[BlackTitle "CM"]
[WhiteElo "2580"]
[BlackElo "2193"]
[WhiteFideId "4221990"]
[BlackFideId "4165969"]
[EventDate "2025.06.10"]

1. b3 d5 2. Bb2 Bf5 3. Nf3 Nf6 4. g3 e6 5. Bg2 h6 6. O-O Be7 7. d3 O-O 8. Nbd2
a5 9. a3 Bh7 10. c4 c6 11. Ra2 Nbd7 12. Qa1 b5 13. cxb5 cxb5 14. Rc1 Rc8 15. Ne5
Nxe5 16. Bxe5 Qd7 17. Rac2 Rxc2 18. Rxc2 Rc8 19. Rc3 b4 20. axb4 Bxb4 21. Rxc8+
Qxc8 22. Nf3 Ne8 23. Qa4 f6 24. Bb2 Bg6 25. Nd4 Bf7 26. Bh3 Kf8 27. Nc6 Qb7 28.
Ba3 Bxa3 29. Qxa3+ Kg8 30. Nxa5 Qc7 31. b4 Nd6 32. Qb2 Nb5 33. Nb3 Qd6 34. Nd4
Qe5 35. e3 Bg6 36. Bxe6+ Kf8 37. Qc2 Nxd4 38. Qc8+ Be8 39. Qc5+ Qd6 40. Qxd6# 1-0

[Event "Titled Tue 10th Jun Early"]
[Site "chess.com INT"]
[Date "2025.06.10"]
[Round "11"]
[White "Torres Rebolledo, Alvaro"]
[Black "Uraev, Ivan"]
[Result "0-1"]
[WhiteTitle "FM"]
[BlackTitle "FM"]
[WhiteElo "2318"]
[BlackElo "2194"]
[WhiteFideId "54587670"]
[BlackFideId "4192443"]
[EventDate "2025.06.10"]

1. d4 Nf6 2. c4 e6 3. Nc3 Bb4 4. e3 Bxc3+ 5. bxc3 d6 6. Bd3 b6 7. Ne2 Bb7 8. f3
O-O 9. O-O Nc6 10. e4 h6 11. Ng3 Re8 12. f4 e5 13. fxe5 dxe5 14. d5 Na5 15. Nf5
Kh7 16. Qf3 Ng8 17. Qg3 Qf6 18. Nxh6 Qg6 19. Nxf7 Qxg3 20. hxg3 Ba6 21. Ng5+ Kg6
22. Ne6 Rac8 23. Rf5 Bxc4 24. Rg5+ Kf6 25. Bxc4 Nxc4 26. Nxg7 Re7 27. Nh5+ Kf7
28. Rg7+ Kf8 29. Rxe7 Kxe7 30. Bg5+ Kd6 31. Rf1 Kc5 32. Nf6 Nxf6 33. Rxf6 Nd6
34. Re6 Nxe4 35. Rxe5 Nxc3 36. Rf5 Nxd5 37. g4 Rg8 38. Be7+ Kd4 39. Bg5 Ke4 40.
Rf7 Rxg5 0-1

[Event "Titled Tue 10th Jun Early"]
[Site "chess.com INT"]
[Date "2025.06.10"]
[Round "11"]
[White "Guliev, Gasan"]
[Black "Slovineanu, Viacheslav"]
[Result "0-1"]
[WhiteTitle "CM"]
[BlackTitle "IM"]
[WhiteElo "2123"]
[BlackElo "2412"]
[WhiteFideId "34165638"]
[BlackFideId "13900510"]
[EventDate "2025.06.10"]

1. d4 Nf6 2. Bf4 d5 3. Nf3 e6 4. e3 c5 5. c3 Bd6 6. Bg3 Qc7 7. Ne5 O-O 8. Nd2 b6
9. f4 Bb7 10. Bd3 Nc6 11. Qf3 Ne7 12. Bh4 Ng6 13. Bxf6 gxf6 14. Ng4 f5 15. Ne5
f6 16. Nxg6 hxg6 17. g4 e5 18. fxe5 fxe5 19. dxe5 Bxe5 20. gxf5 d4 21. Bc4+ Kg7
22. e4 dxc3 23. bxc3 Rxf5 24. Qg4 Rf4 25. Qe6 Qd6 26. Rg1 Qxe6 27. Bxe6 Bxc3 28.
O-O-O Kf6 29. Bd5 Bxd5 30. exd5 Rd8 31. Nb3 a5 32. Rgf1 Be5 33. Rxf4+ Bxf4+ 34.
Kc2 a4 35. Nc1 Be5 36. Nd3 Bd4 37. Nf4 g5 38. Ne6 Rxd5 39. Nc7 Re5 40. Rf1+ Kg6
41. Nb5 Re2+ 42. Kd3 Rxa2 43. Nxd4 cxd4 44. Rb1 Rxh2 45. Rxb6+ Kh5 46. Ra6 Ra2
47. Kxd4 Kg4 48. Ke3 a3 0-1

[Event "Titled Tue 10th Jun Early"]
[Site "chess.com INT"]
[Date "2025.06.10"]
[Round "11"]
[White "Krutko, Anatoly"]
[Black "Aarit Kapil"]
[Result "0-1"]
[WhiteTitle "FM"]
[BlackTitle "CM"]
[WhiteElo "2397"]
[BlackElo "2078"]
[WhiteFideId "4185862"]
[BlackFideId "33408947"]
[EventDate "2025.06.10"]

1. Nc3 c5 2. e3 Nf6 3. Nf3 e6 4. Be2 d5 5. d4 a6 6. O-O b5 7. Nb1 c4 8. c3 Be7
9. Nbd2 O-O 10. Re1 Bb7 11. Ne5 Nbd7 12. Nxd7 Nxd7 13. Bf3 f5 14. b3 Rb8 15. Rb1
Qc7 16. b4 a5 17. a3 axb4 18. axb4 Nb6 19. Qc2 Ra8 20. g3 Ra7 21. Bg2 Rfa8 22.
f3 Ra2 23. Rb2 R2a3 24. Rb1 Ra2 25. Rb2 Rxb2 26. Bxb2 Na4 27. e4 fxe4 28. fxe4
Bg5 29. exd5 Bxd5 30. Bxd5 exd5 31. Nf3 Bf6 32. Bc1 Qc6 33. Bf4 Re8 34. Ne5 Qc8
35. Qg2 Nxc3 36. Ra1 g5 37. Qf3 Ne4 38. Bc1 Rf8 39. Qh5 Qf5 40. Be3 Bxe5 41.
dxe5 Qxe5 42. Rf1 Rxf1+ 43. Kxf1 d4 44. Bf4 Qe7 45. Qg4 h5 46. Qc8+ Kg7 47. Bc1
Qf7+ 48. Bf4 gxf4 49. g4 d3 50. Qb8 d2 51. Ke2 f3+ 52. Ke3 d1=Q 53. Qe5+ Nf6 0-1

[Event "Titled Tue 10th Jun Early"]
[Site "chess.com INT"]
[Date "2025.06.10"]
[Round "11"]
[White "Guerrero Cataldo, Juan Andres"]
[Black "Souleidis, Georgios"]
[Result "0-1"]
[WhiteTitle "CM"]
[BlackTitle "IM"]
[WhiteElo "2082"]
[BlackElo "2418"]
[WhiteFideId "3421260"]
[BlackFideId "4206827"]
[EventDate "2025.06.10"]

1. d4 Nf6 2. Nf3 g6 3. Bf4 Bg7 4. h3 O-O 5. e3 d6 6. Be2 Nfd7 7. O-O e5 8. Bh2
Nc6 9. c4 Kh8 10. Nc3 f5 11. dxe5 Ndxe5 12. Nxe5 Nxe5 13. Rc1 Be6 14. Nd5 c6 15.
Nf4 Bg8 16. b3 Qe7 17. Nd3 a5 18. Qc2 a4 19. Rfd1 axb3 20. axb3 h6 21. Nxe5 dxe5
22. Rd2 g5 23. Bh5 Be6 24. Rcd1 Rfd8 25. Rxd8+ Rxd8 26. Rxd8+ Qxd8 27. g4 f4 28.
Bg6 b5 29. Bf5 Bg8 30. Qd3 Qa5 31. h4 bxc4 32. bxc4 Qe1+ 33. Kg2 Qb4 34. hxg5
hxg5 35. Qd8 Qxc4 36. e4 Qf7 37. Qxg5 Qf6 38. Qh5+ Qh6 39. Qe8 c5 40. Bg6 f3+
41. Kxf3 Qxh2 42. Bf7 Qf4+ 43. Kg2 Qxf7 0-1

[Event "Titled Tue 10th Jun Early"]
[Site "chess.com INT"]
[Date "2025.06.10"]
[Round "11"]
[White "Zhou, Yuxu"]
[Black "Topalov, Aleksandar"]
[Result "0-1"]
[WhiteTitle "CM"]
[BlackTitle "CM"]
[WhiteElo "2113"]
[BlackElo "2233"]
[WhiteFideId "8626421"]
[BlackFideId "925659"]
[EventDate "2025.06.10"]

1. d4 e6 2. c4 f5 3. Nf3 Nf6 4. g3 d6 5. Bg2 Be7 6. O-O O-O 7. Nc3 a5 8. Bg5 Ne4
9. Bxe7 Qxe7 10. Nxe4 fxe4 11. Ne1 d5 12. f3 exf3 13. Nxf3 Nc6 14. Rc1 Bd7 15.
Qd3 Be8 16. Qe3 Qd6 17. c5 Qe7 18. Ne5 Nxe5 19. Qxe5 Bg6 20. Bh3 Rae8 21. Rxf8+
Kxf8 22. Rf1+ Kg8 23. e3 c6 24. b3 h6 25. Rf4 Be4 26. Bg4 Kh8 27. h4 Bb1 28. a3
Bc2 29. b4 axb4 30. axb4 Be4 31. Bh5 Rf8 32. Kh2 Rxf4 33. exf4 Qd7 34. Bg4 Bf5
35. Bh5 Kh7 36. g4 Bg6 37. Bxg6+ Kxg6 38. h5+ Kf7 39. g5 hxg5 40. fxg5 Qe7 41.
Kg3 Kg8 42. Kg4 Qf7 43. Qf4 Qd7 44. Qb8+ Kf7 45. Kf4 e5+ 0-1

[Event "Titled Tue 10th Jun Early"]
[Site "chess.com INT"]
[Date "2025.06.10"]
[Round "11"]
[White "Kiremitciyan, Ari"]
[Black "Raptis, Nick"]
[Result "0-1"]
[WhiteTitle "FM"]
[BlackTitle "FM"]
[WhiteElo "2271"]
[BlackElo "2220"]
[WhiteFideId "6373445"]
[BlackFideId "2016850"]
[EventDate "2025.06.10"]

1. Nf3 g6 2. e4 Bg7 3. d4 c5 4. d5 d6 5. h3 Nf6 6. Nc3 O-O 7. Bd3 e6 8. O-O exd5
9. exd5 a6 10. a4 Nbd7 11. Bf4 Qc7 12. Re1 Rb8 13. Ng5 c4 14. Bf1 b5 15. axb5
axb5 16. Nce4 Nxe4 17. Nxe4 Ne5 18. c3 b4 19. Qd2 Bf5 20. Bh6 bxc3 21. bxc3 Bxe4
22. Rxe4 f5 23. Bxg7 Kxg7 24. Rd4 f4 25. Rxf4 Rxf4 26. Qxf4 Rf8 27. Qd4 Kg8 28.
f4 Nd3 29. Bxd3 cxd3 30. Ra7 Qc5 31. Qxc5 dxc5 32. Kf2 Re8 33. Ra2 c4 34. d6 Kf7
35. Ra7+ Ke6 36. d7 Rd8 37. Ke3 Rxd7 38. Ra6+ Rd6 0-1

[Event "Titled Tue 10th Jun Early"]
[Site "chess.com INT"]
[Date "2025.06.10"]
[Round "11"]
[White "Paltrinieri, Nicholas"]
[Black "Demchenko, Yaroslav"]
[Result "1-0"]
[WhiteTitle "FM"]
[BlackTitle "CM"]
[WhiteElo "2359"]
[BlackElo "2263"]
[WhiteFideId "828262"]
[BlackFideId "14186667"]
[EventDate "2025.06.10"]

1. d4 e6 2. Bf4 d5 3. e3 Bd6 4. Nf3 Nf6 5. Nbd2 O-O 6. c3 c5 7. Bd3 Qc7 8. Bxd6
Qxd6 9. Ne5 b6 10. Qe2 Bb7 11. f4 Ne4 12. O-O f6 13. Nef3 Nd7 14. Rad1 Nxd2 15.
Rxd2 e5 16. dxe5 fxe5 17. e4 exf4 18. exd5 Rae8 19. Qf2 Ne5 20. c4 Bc8 21. Nxe5
Rxe5 22. Re2 Bf5 23. Qxf4 Bxd3 24. Qxf8+ Qxf8 25. Rxf8+ Kxf8 26. Rxe5 Bxc4 27.
b3 Bd3 28. d6 Bb5 29. a4 Bc6 30. g4 a5 31. Kf2 Kf7 32. g5 Kg6 33. h4 Kf7 34. Ke3
h6 35. Kf4 hxg5+ 36. Kxg5 b5 37. Rxc5 bxa4 38. Rxc6 axb3 39. Ra6 b2 40. Rb6 Ke6
41. Rxb2 Kxd6 42. Ra2 Ke6 43. Rxa5 Kf7 44. Ra6 Kg8 45. Kg6 Kf8 46. Ra7 Ke8 47.
Rxg7 Kf8 48. h5 Ke8 49. h6 Kf8 50. h7 1-0

[Event "Titled Tue 10th Jun Early"]
[Site "chess.com INT"]
[Date "2025.06.10"]
[Round "11"]
[White "Praggnanandhaa, R"]
[Black "Pranesh, M"]
[Result "0-1"]
[WhiteTitle "GM"]
[BlackTitle "GM"]
[WhiteElo "2767"]
[BlackElo "2580"]
[WhiteFideId "25059530"]
[BlackFideId "35028600"]
[EventDate "2025.06.10"]

1. b3 Nf6 2. Bb2 g6 3. Nf3 Bg7 4. g3 O-O 5. Bg2 c5 6. c4 Nc6 7. O-O d5 8. cxd5
Nxd5 9. Bxg7 Kxg7 10. d4 cxd4 11. Nxd4 Nxd4 12. Qxd4+ Nf6 13. Qe5 Qb6 14. Nc3
Bd7 15. Nd5 Qa5 16. b4 Qa3 17. Qxe7 Nxd5 18. Bxd5 Bh3 19. Rfe1 a5 20. Qh4 Bf5
21. bxa5 Rxa5 22. Qd4+ Kg8 23. Rac1 Qe7 24. Bb3 Re5 25. e3 Be4 26. Bc4 Rd8 27.
Qb2 Bc6 28. Bf1 Red5 29. Rc2 Rd1 30. Rxd1 Rxd1 31. Rc4 h5 32. Rd4 Qf6 33. f4 Kg7
34. Kf2 Kh7 0-1

[Event "Titled Tue 10th Jun Early"]
[Site "chess.com INT"]
[Date "2025.06.10"]
[Round "11"]
[White "Kilic, Eray"]
[Black "Ughuzov, Ravan"]
[Result "1-0"]
[WhiteTitle "IM"]
[BlackTitle "FM"]
[WhiteElo "2474"]
[BlackElo "2295"]
[WhiteFideId "44517173"]
[BlackFideId "13419315"]
[EventDate "2025.06.10"]

1. d4 Nf6 2. Nc3 d5 3. Bf4 a6 4. e3 e6 5. g4 c5 6. g5 Nfd7 7. Nf3 Nc6 8. h4 Qb6
9. a3 Be7 10. h5 Nf8 11. Bd3 c4 12. Be2 Bd7 13. Rb1 Qa5 14. Qd2 b5 15. Kf1 b4
16. axb4 Bxb4 17. Kg2 h6 18. Ra1 Qd8 19. gxh6 gxh6 20. Rag1 a5 21. Ne5 a4 22. e4
a3 23. exd5 Rg8+ 24. Bg3 exd5 25. Qe3 Ne6 26. Nxd5 axb2 27. Nxd7 Kxd7 28. Bxc4
Bd6 29. Bb5 Ra3 30. c3 Rg5 31. Qf3 f5 32. Bxc6+ Kxc6 33. Nf4+ Kd7 34. Nxe6 Kxe6
35. Re1+ Kf6 36. Qd5 Qd7 37. Kf1 Rxc3 38. Be5+ Bxe5 39. Qxd7 Bf4 40. Re6# 1-0

[Event "Titled Tue 10th Jun Early"]
[Site "chess.com INT"]
[Date "2025.06.10"]
[Round "11"]
[White "Grover, Sahaj"]
[Black "Tang, Andrew"]
[Result "0-1"]
[WhiteTitle "GM"]
[BlackTitle "GM"]
[WhiteElo "2465"]
[BlackElo "2529"]
[WhiteFideId "5021103"]
[BlackFideId "2059630"]
[EventDate "2025.06.10"]

1. e4 e5 2. Nf3 Nc6 3. Bb5 g6 4. d4 exd4 5. Bg5 Be7 6. Bxe7 Qxe7 7. Bxc6 dxc6 8.
Qxd4 Nf6 9. Nc3 Bg4 10. O-O-O Bxf3 11. gxf3 O-O 12. f4 Nh5 13. Qe3 a5 14. f5 a4
15. a3 Rfe8 16. f4 Qh4 17. Ne2 Nf6 18. Ng3 Nd5 19. Rxd5 cxd5 20. e5 Rad8 21. Rg1
Kh8 22. fxg6 fxg6 23. f5 d4 24. Qd2 Rxe5 25. fxg6 Qg5 26. g7+ Kg8 27. Kd1 Qxd2+
28. Kxd2 Rd7 29. Rf1 Kxg7 30. Rf4 c5 31. Rg4+ Kf7 32. Kd3 b5 33. Rf4+ Ke6 34.
Ne4 c4+ 35. Kd2 Rf7 36. Rh4 Kd5 37. Ng3 Rf2+ 38. Kd1 c3 39. bxc3 dxc3 0-1

[Event "Titled Tue 10th Jun Early"]
[Site "chess.com INT"]
[Date "2025.06.10"]
[Round "11"]
[White "Adewumi, Tanitoluwa"]
[Black "Ashraf, Artin"]
[Result "0-1"]
[WhiteTitle "FM"]
[BlackTitle "FM"]
[WhiteElo "2362"]
[BlackElo "2407"]
[WhiteFideId "30966396"]
[BlackFideId "22514805"]
[EventDate "2025.06.10"]

1. Nf3 c5 2. e4 Nc6 3. Bb5 g6 4. Bxc6 dxc6 5. d3 Bg7 6. h3 e5 7. Be3 Qe7 8. Nbd2
Nf6 9. a3 Nd7 10. Nc4 a5 11. Qd2 b6 12. Bh6 Bxh6 13. Qxh6 f6 14. h4 Ba6 15. h5
Bxc4 16. dxc4 g5 17. O-O-O O-O-O 18. Rd3 Nf8 19. Rxd8+ Kxd8 20. Rd1+ Kc7 21. Nh2
Ne6 22. Ng4 Rf8 23. Ne3 Rd8 24. Rxd8 Kxd8 25. Ng4 Nf4 26. g3 Ne2+ 27. Kb1 Qd7
28. Qxf6+ Kc8 29. Ne3 Qd2 30. Qxc6+ Kb8 31. Qxb6+ Ka8 32. Qc6+ Kb8 33. Qe8+ Ka7
34. Qe7+ Ka6 35. Qe6+ Ka7 36. Qxe5 Qe1+ 37. Ka2 Nc1+ 38. Kb1 Nd3+ 39. Ka2 Nxe5 0-1